000 00397nam a2200145Ia 4500
008 231217s9999 xx 000 0 und d
041 _aEnglish
082 _a001.6424OFF TOO;2 R1
100 _aToot, Michael S
245 0 _aMaster visually microsoft office 2003
260 _c2003
_bDreamtech press
_aDelhi
300 _a688
650 _aMaster,visually,microsoft,office,2003
942 _cAA
999 _c175696
_d175696